00479nam a2200193Ia 4500008004100000020001800041050001800059050001400077100001600091245003700107245001600144260001300160260002700173260000900200300001600209300001100225500002000236650002900256180523s9999 xx 000 0 und d a81-7473-224-1 aMAIN HD 58.7  b.K35 2003 aKaila, H.L. 0aOrganizational behaviour & HRM / 0cH.L. Kaila. aMumbai : bA.I.T.B.S. Publishers, c2003 a192 pages : c24 cm. aIncludes index. aOrganizational behavior.